书目信息 |
| 题名: |
应对冲突的第三种思维
|
|
| 作者: | 德博诺 著 ;周蓓华 , 马慧勤 译 | |
| 分册: | ||
| 出版信息: | 北京 机械工业出版社 2021.06 |
|
| 页数: | XII, 274页 | |
| 开本: | 21cm | |
| 丛书名: | ||
| 单 册: | ||
| 中图分类: | B804 | |
| 科图分类: | ||
| 主题词: | 思维方法--si wei fang fa | |
| 电子资源: | ||
| ISBN: | 978-7-111-68113-7 | |
| 000 | 01239nam0 2200301 450 | |
| 001 | 202021194704 | |
| 005 | 20211025120147.0 | |
| 010 | @a978-7-111-68113-7@dCNY69.00 | |
| 100 | @a20211005d2021 em y0chiy50 ea | |
| 101 | 1 | @achi@ceng |
| 102 | @aCN@b110000 | |
| 105 | @ay z 000yy | |
| 106 | @ar | |
| 200 | 1 | @a应对冲突的第三种思维@Aying dui chong tu de di san zhong si wei@f(英) 爱德华·德博诺著@d= Conflicts a better way to resolve them@fEdward de Bono@g周蓓华, 马慧勤译@zeng |
| 210 | @a北京@c机械工业出版社@d2021.06 | |
| 215 | @aXII, 274页@d21cm | |
| 300 | @a华章经管 | |
| 306 | @a由Vermilion通过BIG APPLE AGENCY授权出版 | |
| 314 | @a爱德华·德博诺, 英籍马耳他人, 哲学、医学、心理学博士。 | |
| 330 | @a本书分为大脑的运作方式和思维模式、为什么人们各执已见、创造力、设计和第三方角色、冲突、解决冲突所需的组织结构五部分。主要内容包括: 我们为晚饭后推出需要了解大脑是如何工作的 ; 辩论有什么错等。 | |
| 500 | 10 | @aConflicts a better way to resolve them@mChinese |
| 606 | 0 | @a思维方法@Asi wei fang fa |
| 690 | @aB804@v5 | |
| 701 | 1 | @a德博诺@Ade bo nuo@g(Bono, Edward de)@4著 |
| 702 | 0 | @a周蓓华@Azhou bei hua@4译 |
| 702 | 0 | @a马慧勤@Ama hui qin@4译 |
| 801 | 0 | @aCN@c20210909 |
| 905 | @a河南城建学院图书馆@dB804@eD204 | |
| 应对冲突的第三种思维/(英) 爱德华·德博诺著= Conflicts a better way to resolve them/Edward de Bono/周蓓华, 马慧勤译.-北京:机械工业出版社,2021.06 |
| XII, 274页;21cm |
| 华章经管 |
| ISBN 978-7-111-68113-7:CNY69.00 |
| 本书分为大脑的运作方式和思维模式、为什么人们各执已见、创造力、设计和第三方角色、冲突、解决冲突所需的组织结构五部分。主要内容包括: 我们为晚饭后推出需要了解大脑是如何工作的 ; 辩论有什么错等。 |
| ● |
| 相关链接 |
|
|
|
正题名:应对冲突的第三种思维
索取号:B804/D204
 
预约/预借
| 序号 | 登录号 | 条形码 | 馆藏地/架位号 | 状态 | 备注 |
| 1 | 1543942 | 215439425 | 社科库509/509社科库 19排3列3层/ [索取号:B804/D204] | 在馆 | |
| 2 | 1543943 | 215439434 | 社科库509/509社科库 19排3列3层/ [索取号:B804/D204] | 在馆 |